1096 1444 1743 1252 1887 1578 1825 1180 1954 1730 1445 1931 1354 1219 1983 1011 1736 1342 1542 1710 1452 1008 1459 1629 1871 1365 1762 1503 1760 1992 1393 1823 1459 1608 1759 1430 1606 1488 1626 1478 1475 1812 1138 1354 1036 1642 1348 1558 1629 1808 1483 1599 1675 1154 1204 1798 1475 1917 1924 1513 1616 1389 1620 1771 1112 1636 1816 1685 1322 1792 1472 1205 1199 1561 1393 1083 1228 1973 1419 1096 1321 1126 1968 1627 1651 1816 1008 1070 1144 1331 1704 1547 1888 1780 1262 1838 1608 1720 1776 BCNSPRNW ULIB Ver.6.0+V

เปลี่ยนเป็นภาษาไทย

Change to English
 แสดงรายละเอียดบรรณานุกรม
  กลับหน้าหลัก

Brief Record : Get Marc (ISO 2709) : E-mail record : QR code < ปิดหน้าต่าง
LEADER : 00000nam 2200000uu 4500
001    13399112726
003     ULIB
008    110907s2549||||th 000 0 tha d
020    9749818547
020    9789749818541
050  4 LB1052^bอ791ป 2549
100 0  อุดมพร อมรธรรม
245 10 ปรัชญาการศึกษาในพระบาทสมเด็จพระเจ้าอยู่หัว /^cอุดมพร อมรธรรม
246 34 ปรัชญาการศึกษาพระเจ้าอยู่หัว
260    กรุงเทพฯ :^bแสงดาว,^c2549
300    127 หน้า :^bภาพประกอบ ;^c21 ซม.
600 07 ภูมิพลอดุลยเดช,^cพระบาทสมเด็จพระปรมินทรมหา,^d2470-^xทัศนะเกี่ยวกับการศึกษา
600 07 ภูมิพลอดุลยเดช,^cพระบาทสมเด็จพระปรมินทรมหา,^d2470-^xพระบรมราโชวาท
650  4 การศึกษา^xปรัชญา
653    Open Your Eyes Project
945    ^p100^l0^i023147
995    ทศพร
999 ^a ทศพร
รายการนี้ยังไม่มีแท็ก
คุณยังไม่ได้ล็อกอิน คุณสามารถมีกิจกรรมร่วมกับเว็บไซต์ได้ แต่ต้องล็อกอินก่อน ::
  ล็อกอิน

รายการสื่อสารสนเทศ

ลำดับที่ ประเภท เลขเรียก/บาร์โค้ด สถานที่ สถานะ
- ไม่พบข้อมูล -

BibComment


ยังไม่เคยถูกคอมเมนท์

คอมเมนท์ทรัพยากรรายการนี้
  คอมเมนท์: ปรัชญาการศึกษาในพ..


 Copyright 2026. Bcnsprnw @Library